| 000 | 00598nam a2200217Ia 4500 | ||
|---|---|---|---|
| 003 | OSt | ||
| 005 | 20220925194244.0 | ||
| 006 | a|||||r|||| 00| 0 | ||
| 007 | ta | ||
| 008 | 220923b |||||||| |||| 00| 0 eng d | ||
| 037 | _cGeneral Book | ||
| 040 |
_aRTL _cRTL _beng |
||
| 041 |
_2eng _aeng |
||
| 082 | _aBvM, K9/SC | ||
| 100 |
_aSTRUIK D.J. _9250785 |
||
| 245 | 0 | _aSource books in mathematics, 1200-1800. | |
| 260 |
_aCambridge _bharvard University Press _c1969 |
||
| 300 |
_axiv,427p. _ccm. |
||
| 942 |
_hBvM, K9/SC _cGB _2CC |
||
| 999 |
_c528831 _d528831 |
||